000 00446nam a2200169 a 4500
001 16685
005 20180713205702.0
008 140415s1987 mx 000 0 spa d
041 _aspa
082 _a378.8
_bHID
100 1 _aHIDALGO RAMIREZ, JESUS
245 1 3 _aLA UNIVERSIDAD LATINOAMERICANA EN CIFRAS
250 _a1a ed.
260 _aMEXICO :
_bUDUAL,
_c1987
300 _a32
650 1 4 _aUNIVERSIDADES
_xAMERICA LATINA
999 _c16685
_d16685